They Call Me 'SC' Quiz Stats

 Plays Quiz Updated Dec 10, 2015

Also try: They Call Me 'MM'
Challenge
Share
Tweet
Embed
Score 0/25 Timer 06:00
7 Plays Today
% Correct
Santa Claus
98.2%
Simon Cowell
96.7%
Sean Connery
96.3%
Suri Cruise
96%
Steve Carell
93.8%
Samuel Colt
92.4%
Sheldon Cooper
90.2%
Sheryl Crow
89.5%
Stephen Colbert
87%
Samuel Clemens
83.4%
Sandy Cheeks
83.1%
Sarah Connor
80.7%
Suzanne Collins
78.5%
% Correct
Steve Chen
76.3%
Sam Cooke
68.1%
Stockard Channing
66.7%
Sandra Cisneros
64%
Starlin Castro
63.2%
Sadi Carnot
62%
Stephen Crane
60.4%
Sidney Crosby
59.9%
Scott Caan
56.8%
Steve Coogan
55.8%
Steve Carlton
54.9%
Sid Caesar
53.5%

You're not logged in!

Compare scores with friends on all Sporcle quizzes.
OR
Log In

You Might Also Like...

Show Comments

Extras

Top Quizzes Today


Score Distribution

Your Account Isn't Verified!

In order to create a playlist on Sporcle, you need to verify the email address you used during registration. Go to your Sporcle Settings to finish the process.

Report this User

Report this user for behavior that violates our Community Guidelines.

Details: